Maloobchodné podnikanie v turizme bakalárska práca

Na minha lista:
Detalhes bibliográficos
Autor principal: Bilková, Zdenka
Autor Corporativo: Podnikovohospodárska fakulta EU so sídlom v Košiciach. Katedra obchodného podnikania
Outros Autores: Petrovčiková, Katarína, 1977-
Formato: Livro
Idioma:eslovaco
Publicado em: Košice 2023
Tags: Adicionar Tag
Sem tags, seja o primeiro a adicionar uma tag!

MARC

LEADER 00000nbm a2200000 4500
001 0294344
005 20240404094818.5
041 0 |a slo 
044 |a SK 
245 1 0 |a Maloobchodné podnikanie v turizme  |b bakalárska práca  |c Zdenka Bilková ; školiteľ: Katarína Petrovčiková 
264 1 |a Košice  |c 2023 
300 |a 53 s. 
100 1 |a Bilková, Zdenka 
700 1 |a Petrovčiková, Katarína, 1977- 
710 2 |a Podnikovohospodárska fakulta EU so sídlom v Košiciach. Katedra obchodného podnikania